Most Streamed Artists on Spotify of All-Time - Statistics

General Stats
  • This quiz has been taken 237 times
  • The average score is 5 of 10
Answer Stats
Streams Artist % Correct
16,915,627,146 Taylor Swift
82%
36,253,184,587 Drake
75%
27,751,731,253 Ed Sheeran
69%
19,683,297,237 Justin Bieber
62%
23,150,492,783 Ariana Grande
59%
21,407,914,185 The Weeknd
59%
21,786,345,023 Eminem
45%
21,986,159,896 Bad Bunny
33%
22,861,295,236 Post Malone
33%
19,352,255,567 J Balvin
12%
No matching quizzes found
Score Distribution
Percent of People with Each Score
Percentile by Number Answered
Your Score History
You have not taken this quiz